02248nam a22002777a 45000010005000000030006000050050017000110080041000280200018000690400032000870820011001191000016001302450146001462500102002922600034003943000042004284900053004705050008005235200798005315200378013295210028017075210019017356500123017546500059018777000034019361611FISKH20250530115249.0230911b cb ||||| |||| 00| 0 khr d a9789995054779 aFISKH bengcFISKH dFISKH  a944.36 aKhai, Chut  aក្មេងសាលាបារាំង​ / cរូបគំនូរដោយ ៖ ច័ន្ទ វិត្ថារិន្ទ  aបោះពុម្ពលើកទី ៥ ខែកុម្ភៈ ឆ្នាំ ២០២០ aPhnom Penh : bSipar, c2020. a118 pages : billustrations ; c19 cm aអក្សសិល្ប៍យុវវ័យ aZ'  a៦ជំពូកបរិយាយពីសក្ខីភាពសម័យមុនកម្ពុជាបានឯករាជ្យ ៖ សម្រស់ក្រុង និងសកម្មភាពផ្សារកំពង់ចាម បរិយាកាសសិក្សា នៅ សាលាប្រុស និងវិទ្យាល័យព្រសីហនុ កំហិលរបស់សិស្សក្បាលខូចខ្លះ អាកប្បកិរិយារបស់គ្រូខ្មែរ និងបារាំង ការតស៊ូ និងភាពឆ្លាតវៃរបស់សិស្ស ស្នេហាយុវវ័យ ជីវិតអ្នកកោះហ្លួងលើ និងកោះសំរោង។  a6 chapters describe the testimonies of the pre-independence of Cambodia: the beauty of the city and the activities of Kampong Cham market, the academic environment at the boys high school, the prejudice of some students, the attitude of some Khmer and French teachers, the struggles and intelligence of students, love, youth, life of the islanders at Upper and Koh Samrong.8 a920 bLexile estimate 8 aZ' bRaz-Plus  aសក្ខីភាព vឯករាជ្យ xសម្រស់ទីក្រុង yបរិស្ថាន  aTestimonies vIndependent xCity Beauty yEnvironment  aVitharin, Chan eillustrator